<?xml version="1.0" encoding="UTF-8"?>
<record
    xmlns:xsi="http://www.w3.org/2001/XMLSchema-instance"
    xsi:schemaLocation="http://www.loc.gov/MARC21/slim http://www.loc.gov/standards/marcxml/schema/MARC21slim.xsd"
    xmlns="http://www.loc.gov/MARC21/slim">

  <leader>00836nab a2200241 uc4500</leader>
  <controlfield tag="001">649638</controlfield>
  <controlfield tag="005">20260319101554.0</controlfield>
  <controlfield tag="008">010302e19981015                    eng  </controlfield>
  <datafield tag="035" ind1=" " ind2=" ">
    <subfield code="a">649638</subfield>
  </datafield>
  <datafield tag="035" ind1=" " ind2=" ">
    <subfield code="a">(OCoLC)819898170</subfield>
  </datafield>
  <datafield tag="040" ind1=" " ind2=" ">
    <subfield code="c">comduadb</subfield>
  </datafield>
  <datafield tag="041" ind1=" " ind2=" ">
    <subfield code="a">eng</subfield>
  </datafield>
  <datafield tag="100" ind1="1" ind2="0">
    <subfield code="a">Sousa, Ulson de</subfield>
    <subfield code="4">aut</subfield>
    <subfield code="e">aut</subfield>
    <subfield code="9">517997</subfield>
  </datafield>
  <datafield tag="245" ind1="1" ind2="0">
    <subfield code="a">Numerical solution of mass transfer and momentum equatios in a laminar flow wetted wall column</subfield>
  </datafield>
  <datafield tag="650" ind1=" " ind2="7">
    <subfield code="a">Transferencia de masa</subfield>
    <subfield code="2">lemb</subfield>
    <subfield code="9">42968</subfield>
  </datafield>
  <datafield tag="650" ind1=" " ind2=" ">
    <subfield code="a">Flujo laminar</subfield>
    <subfield code="9">4322</subfield>
  </datafield>
  <datafield tag="650" ind1=" " ind2=" ">
    <subfield code="a">Soluciones num&#xE9;ricas</subfield>
    <subfield code="9">36656</subfield>
  </datafield>
  <datafield tag="650" ind1=" " ind2=" ">
    <subfield code="a">Simulaci&#xF3;n</subfield>
    <subfield code="9">19386</subfield>
  </datafield>
  <datafield tag="650" ind1=" " ind2=" ">
    <subfield code="a">Di&#xF3;xido de carbono (CO2)</subfield>
    <subfield code="9">49899</subfield>
  </datafield>
  <datafield tag="650" ind1=" " ind2=" ">
    <subfield code="a">Aire</subfield>
    <subfield code="9">5061</subfield>
  </datafield>
  <datafield tag="773" ind1="0" ind2=" ">
    <subfield code="t">Investigaci&#xF3;n Aplicada Latino Americana (Bah&#xED;a Blanca, Argentina)</subfield>
    <subfield code="g">Vol. 28, No. 04, Oct. 1998, p. 223-228</subfield>
    <subfield code="w">495513</subfield>
    <subfield code="x">0327-0793</subfield>
    <subfield code="0">123981</subfield>
  </datafield>
  <datafield tag="942" ind1=" " ind2=" ">
    <subfield code="c">ARIMP</subfield>
  </datafield>
  <datafield tag="999" ind1=" " ind2=" ">
    <subfield code="c">190295</subfield>
    <subfield code="d">190295</subfield>
  </datafield>
</record>
